Score 0/15 Timer 05:00
0 Plays Today
Hint Character % Correct
Bert's ownerAbby
85.4%
Once played with a talking bear toyMcGee
78.4%
Recently tried role playingTony
77.4%
Is a VirgoGibbs
66.5%
Hobbies include cooking, singing, readingZiva
64.7%
Gives a blind girl a candy barducky
62.2%
Convinced by Abby to get a tatooKate
48.2%
Had surgery to repair a detached retinaleon
47.1%
Hint Character % Correct
Has diabetes mellitusPalmer
45.2%
Was shot in the stomach by GibbsLee
30.3%
Can't point with his right handMike Franks
30%
A military bratJenny
28.5%
'merchant of death'René Benoit
18.1%
Trained by Gibbs (before Dinozzo)Langer
12.4%
An expert on Middle Eastern terroristsPaula Cassidy
7.7%
Remove Ads.
Support Sporcle.
Get the best of Sporcle when you Go Orange. This ad-free experience offers more features, more stats, and more fun while also helping to support Sporcle. Thank you for becoming a member.

You're not logged in!

Compare scores with friends on all Sporcle quizzes.
OR
Log In

You Might Also Like...

Show Comments

Extras

Created Oct 26, 2010ReportNominate
Tags:ncis, NCIS Characters

Top Quizzes Today


Score Distribution

Your Account Isn't Verified!

In order to create a playlist on Sporcle, you need to verify the email address you used during registration. Go to your Sporcle Settings to finish the process.

Report this User

Report this user for behavior that violates our Community Guidelines.

Details: